[Event "CHN-chT (Women)"]
[Site "Hangzhou"]
[Date "2018.06.20"]
[Round "2.6"]
[White "Ni, Shiqun"]
[Black "Kong, Jinghan"]
[Result "1-0"]
[WhiteElo "2427"]
[BlackElo "1556"]
[PlyCount "123"]
[EventDate "2018.06.19"]
[EventType "team-swiss"]
[EventRounds "9"]
[EventCountry "CHN"]
[SourceTitle "CBM 185 Extra"]
[Source "ChessBase"]
[SourceDate "2018.07.29"]
[SourceVersion "1"]
[SourceVersionDate "2018.07.29"]
[SourceQuality "1"]
[WhiteTeam "Shanghai (W)"]
[BlackTeam "Qingdao (W)"]
[WhiteTeamCountry "CHN"]
[BlackTeamCountry "CHN"]

1. e4 c6 2. Nc3 d5 3. Nf3 Nf6 4. e5 Ne4 5. Ne2 g6 6. d3 Nc5 7. d4 Ne6 8. h4 h5 9. Be3 Bh6 10. Bxh6 Rxh6 11. Qd2 Rh8 12. 0-0-0 Na6 13. Ng3 Nac7 14. Bd3 b6 15. Ng5 Nxg5 16. hxg5 Qd7 17. f4 Qg4 18. Qf2 Ba6 19. Bxa6 Nxa6 20. Nf1 0-0-0 21. Ne3 Qe6 22. Rh4 c5 23. Qf3 Nc7 24. c3 cxd4 25. Rxd4 f5 26. gxf6 exf6 27. exf6 Qxf6 28. g3 Rd7 29. Rh1 Rhd8 30. Rhd1 Qf7 31. Qe2 Qe6 32. Qd3 Qf7 33. a4 a6 34. Qe2 Qe6 35. Qf3 Qf7 36. Nc2 Qe6 37. Nb4 a5 38. Nd3 Qf6 39. Ne5 Rd6 40. R1d2 Qe6 41. Kb1 Qf5+ 42. Ka2 Qe6 43. Rd1 Qe7 44. Re1 Qf6 45. Red1 Qe6 46. Qd3 Qf6 47. Qf3 Qe6 48. Ka3 Qf6 49. b4 Qe7 50. Qd3 Qf6 51. Qf1 Qf8 52. Qh3+ Kb8 53. Qh1 Kc8 54. Ka2 Qf6 55. Qg2 Qe6 56. Qc2 Qf6 57. Qb3 axb4 58. cxb4 Kb8 59. R4d2 d4 60. Qf3 Kc8 61. Rc1 Qe6+ 62. Kb2 1-0